000 00358nam a22001577a 4500
003 OSt
005 20211224143657.0
008 211224b |||||||| |||| 00| 0 eng d
020 _a0717505421
040 _cHU
082 _a330 DAV 1970
100 _aDavies, F.
_924972
245 _aStarting economics
300 _a144P
_bPC
_c24cm
942 _2ddc
_cBOOKS
_n0
999 _c24018
_d24018